[Event "BCF-chT1a 1718 (4NCL)"]
[Site "England"]
[Date "2018.01.14"]
[Round "4.43"]
[White "Foo, Zhi Rong Benjamin"]
[Black "Lund, D Brett"]
[Result "0-1"]
[WhiteElo "2264"]
[BlackElo "2258"]
[PlyCount "58"]
[EventDate "2017.11.11"]
[EventType "team-swiss"]
[EventRounds "11"]
[EventCountry "ENG"]
[SourceTitle "EXT 2019"]
[Source "ChessBase"]
[SourceDate "2018.10.10"]
[SourceVersion "1"]
[SourceVersionDate "2018.10.10"]
[SourceQuality "1"]
[WhiteTeam "Oxford"]
[BlackTeam "Spirit of Atticus"]
[WhiteTeamCountry "ENG"]
[BlackTeamCountry "ENG"]

1. e4 e6 2. b3 c5 3. Bb2 b6 4. Nf3 Bb7 5. Nc3 Nc6 6. Bc4 a6 7. a4 Na5 8. Qe2 Ne7 9. 0-0 Ng6 10. Ne1 Bd6 11. Nd3 Qc7 12. f4 0-0-0 13. e5 Be7 14. Ne4 Qc6 15. Rfe1 Nxc4 16. bxc4 a5 17. Qf2 Ba6 18. Nd6+ Bxd6 19. exd6 f6 20. Ne5 fxe5 21. Bxe5 Rhf8 22. Qg3 Nxe5 23. fxe5 Rf7 24. Rab1 Rdf8 25. Rb2 Bb7 26. Reb1 Rf2 27. Qxf2 Rxf2 28. Kxf2 Qxg2+ 29. Ke1 Bf3 0-1

[Event "GRB-ch Universities"]
[Site "Birmingham"]
[Date "2017.02.25"]
[Round "2.4"]
[White "Foo, Zhi Rong Benjamin"]
[Black "Eggink, Mateusz"]
[Result "0-1"]
[WhiteElo "2264"]
[BlackElo "2137"]
[PlyCount "92"]
[EventDate "2017.02.25"]
[EventType "team-swiss"]
[EventRounds "5"]
[EventCountry "ENG"]
[SourceTitle "CBM 177 Extra"]
[Source "ChessBase"]
[SourceDate "2017.04.27"]
[SourceVersion "1"]
[SourceVersionDate "2017.04.27"]
[SourceQuality "1"]
[WhiteTeam "Oxford"]
[BlackTeam "Warwicks Select"]
[WhiteTeamCountry "ENG"]
[BlackTeamCountry "ENG"]

1. e4 c5 2. Nf3 d6 3. d4 cxd4 4. Qxd4 Nc6 5. Bb5 Bd7 6. Bxc6 Bxc6 7. Nc3 e6 8. Bg5 Nf6 9. 0-0-0 Be7 10. Rhe1 Qc7 11. Bxf6 Bxf6 12. Qxd6 Qb6 13. Qg3 Bxc3 14. bxc3 0-0 15. Nd4 Rac8 16. Rd3 Bb5 17. Rf3 Bc4 18. e5 Bxa2 19. Qg5 Rfd8 20. Re4 Qb1+ 21. Kd2 Bb3 22. Rd3 h6 23. Qh5 Rxd4 24. Rexd4 Qxc2+ 25. Ke3 Qc1+ 26. Kf3 Bd5+ 27. Kg3 Rxc3 28. h4 Qc2 29. Rxd5 Rxd3+ 30. Rxd3 Qxd3+ 31. Kh2 b5 32. Qg4 a5 33. Qf4 b4 34. Qc1 b3 35. Qc7 b2 36. Qb8+ Kh7 37. Qxb2 a4 38. Qb7 a3 39. Qa7 Qb3 40. f4 a2 41. f5 Qb2 42. Qxf7 Qxe5+ 43. g3 Qe2+ 44. Kh3 Qf1+ 45. Kh2 Qf2+ 46. Kh3 Qxf5+ 0-1

[Event "Olympiad-42"]
[Site "Baku"]
[Date "2016.09.13"]
[Round "11.4"]
[White "Lamawansa, Yasas"]
[Black "Foo, Zhi Rong Benjamin"]
[Result "0-1"]
[WhiteElo "2052"]
[BlackElo "2233"]
[PlyCount "72"]
[EventDate "2016.09.02"]
[EventType "team-swiss"]
[EventRounds "11"]
[EventCountry "AZE"]
[SourceTitle "CBM 175"]
[Source "ChessBase"]
[SourceDate "2016.11.10"]
[SourceVersion "1"]
[SourceVersionDate "2016.11.10"]
[SourceQuality "1"]
[WhiteTeam "Sri Lanka"]
[BlackTeam "Singapore"]
[WhiteTeamCountry "SRI"]
[BlackTeamCountry "SIN"]

1. d4 Nf6 2. c4 e6 3. g3 c5 4. d5 exd5 5. cxd5 d6 6. Nc3 g6 7. Bg2 Bg7 8. Nf3 0-0 9. 0-0 Re8 10. Nd2 a6 11. a4 Nbd7 12. h3 Rb8 13. Nc4 Ne5 14. Na3 Nh5 15. Kh2 f5 16. f4 Nf7 17. Re1 Bd7 18. Qd3 g5 19. Qf3 g4 20. Qd3 b5 21. axb5 axb5 22. Naxb5 c4 23. Qxc4 Qb6 24. hxg4 Nf6 25. Na3 Rbc8 26. Qa2 Nxg4+ 27. Kh3 Nf2+ 28. Kh2 Ng4+ 29. Kh3 Qd4 30. Bf3 Qf2 31. Rh1 Nge5 32. Nd1 Ng5+ 33. fxg5 f4+ 34. Kh4 Qxg3+ 35. Kh5 Bg4+ 36. Bxg4 Qxg4# 0-1

[Event "Olympiad-42"]
[Site "Baku"]
[Date "2016.09.05"]
[Round "4.4"]
[White "Butnorius, Algimantas"]
[Black "Foo, Zhi Rong Benjamin"]
[Result "1/2-1/2"]
[WhiteElo "2348"]
[BlackElo "2233"]
[PlyCount "120"]
[EventDate "2016.09.02"]
[EventType "team-swiss"]
[EventRounds "11"]
[EventCountry "AZE"]
[SourceTitle "CBM 175"]
[Source "ChessBase"]
[SourceDate "2016.11.10"]
[SourceVersion "1"]
[SourceVersionDate "2016.11.10"]
[SourceQuality "1"]
[WhiteTeam "Monaco"]
[BlackTeam "Singapore"]
[WhiteTeamCountry "MNC"]
[BlackTeamCountry "SIN"]

1. d4 Nf6 2. Nf3 c5 3. d5 e6 4. c4 b5 5. Bg5 exd5 6. cxd5 h6 7. Bxf6 Qxf6 8. Qc2 Be7 9. e4 Qb6 10. a4 bxa4 11. Be2 0-0 12. Nbd2 Na6 13. Qxa4 Nb4 14. 0-0 d6 15. Nc4 Qc7 16. Rfd1 Rd8 17. Qa5 Qxa5 18. Rxa5 Bb7 19. g3 Rd7 20. Rda1 f5 21. Nb6 axb6 22. Rxa8+ Bxa8 23. Rxa8+ Kh7 24. exf5 Nxd5 25. Bc4 Nf6 26. Be6 Rd8 27. Ra7 Bf8 28. Rb7 Ne4 29. Rxb6 Ng5 30. Nxg5+ hxg5 31. Rb7 d5 32. b3 Kh6 33. Kf1 g4 34. Ke2 Kg5 35. f4+ gxf3+ 36. Kxf3 d4 37. h4+ Kh6 38. Rd7 Rxd7 39. Bxd7 Be7 40. Bb5 Kh5 41. Be2 Kh6 42. Ke4 Bd6 43. g4 Bg3 44. g5+ Kh7 45. h5 Bh4 46. Kd5 Bxg5 47. Kxc5 Be3 48. Kd5 Kh6 49. b4 Kg5 50. Bd3 Kxh5 51. b5 Kg5 52. b6 Kf6 53. Kd6 Bf4+ 54. Kd7 Be5 55. b7 Kg5 56. Ke6 Bb8 57. Kf7 Be5 58. Bb1 Kf4 59. Ke6 Bb8 60. Kf7 Be5 1/2-1/2

[Event "Olympiad-42"]
[Site "Baku"]
[Date "2016.09.02"]
[Round "1.4"]
[White "Foo, Zhi Rong Benjamin"]
[Black "Orio, Rogelio L"]
[Result "1-0"]
[WhiteElo "2233"]
[BlackElo "1781"]
[PlyCount "69"]
[EventDate "2016.09.02"]
[EventType "team-swiss"]
[EventRounds "11"]
[EventCountry "AZE"]
[SourceTitle "CBM 175"]
[Source "ChessBase"]
[SourceDate "2016.11.10"]
[SourceVersion "1"]
[SourceVersionDate "2016.11.10"]
[SourceQuality "1"]
[WhiteTeam "Singapore"]
[BlackTeam "Guam"]
[WhiteTeamCountry "SIN"]
[BlackTeamCountry "GMA"]

1. e4 d6 2. d4 Nf6 3. Nc3 g6 4. Bg5 Bg7 5. Qd2 c6 6. f3 h6 7. Be3 g5 8. Bc4 Nbd7 9. Bb3 Nb6 10. Nge2 d5 11. Ng3 e6 12. e5 Nfd7 13. Nh5 Bf8 14. 0-0-0 a5 15. a3 Rb8 16. Ne2 Nc4 17. Bxc4 dxc4 18. f4 b5 19. Rhf1 b4 20. a4 g4 21. f5 exf5 22. Neg3 Nb6 23. Nf6+ Ke7 24. d5 Nxd5 25. Bc5+ Ke6 26. Qf2 f4 27. Ngh5 Bxc5 28. Qxc5 Qc7 29. Nxd5 Qxe5 30. Ndxf4+ Kf5 31. Nd3+ Kg6 32. Nxe5+ Kxh5 33. Nxf7+ Kg6 34. Nxh8+ Kg7 35. Rf7+ 1-0

[Event "Varsity Oxbridge m 134th"]
[Site "London"]
[Date "2016.03.05"]
[Round "1.2"]
[White "Foo, Zhi Rong Benjamin"]
[Black "Zhou, Yang Fan"]
[Result "1/2-1/2"]
[WhiteElo "2244"]
[BlackElo "2465"]
[PlyCount "99"]
[EventDate "2016.03.05"]
[EventType "team-match"]
[EventRounds "1"]
[EventCountry "ENG"]
[SourceTitle "CBM 171 Extra"]
[Source "ChessBase"]
[SourceDate "2016.04.26"]
[SourceVersion "1"]
[SourceVersionDate "2016.04.26"]
[SourceQuality "1"]
[WhiteTeam "Oxford University"]
[BlackTeam "Cambridge University"]
[WhiteTeamCountry "ENG"]
[BlackTeamCountry "ENG"]

1. e4 c5 2. Nf3 d6 3. c3 Nf6 4. Be2 g6 5. 0-0 Bg7 6. Bb5+ Bd7 7. Bxd7+ Nbxd7 8. Re1 0-0 9. c4 a6 10. Nc3 Ne5 11. d3 Nc6 12. h3 Ne8 13. Be3 b5 14. cxb5 axb5 15. d4 b4 16. Ne2 Nf6 17. dxc5 dxc5 18. Qc2 Rc8 19. Red1 Qc7 20. Qxc5 Nxe4 21. Qc2 Nd6 22. Rac1 Qb7 23. Qb1 Qa6 24. Ned4 Nxd4 25. Bxd4 Rxc1 26. Rxc1 Ra8 27. Bxg7 Kxg7 28. a3 bxa3 29. bxa3 Qxa3 30. Re1 Qc3 31. Rc1 Qf6 32. Qd3 Qb2 33. Rb1 Qf6 34. Re1 Ra2 35. Re2 Ra1+ 36. Re1 Ra5 37. Rxe7 Nf5 38. Re1 Ra2 39. Re2 Qa1+ 40. Kh2 Ra3 41. Qc2 h5 42. Qc7 Ra7 43. Qb8 Ra8 44. Qb7 Ra7 45. Qb8 Rd7 46. g4 hxg4 47. hxg4 Nd4 48. Nxd4 Qxd4 49. Qe5+ Qxe5+ 50. Rxe5 1/2-1/2

[Event "London Classic op 7th"]
[Site "London"]
[Date "2015.12.09"]
[Round "7"]
[White "D'Costa, Lorin AR"]
[Black "Foo, Zhi Rong Benjamin"]
[Result "1-0"]
[WhiteElo "2418"]
[BlackElo "2183"]
[PlyCount "157"]
[EventDate "2015.12.04"]
[EventType "swiss"]
[EventRounds "9"]
[EventCountry "ENG"]
[SourceTitle "CBM 169 Extra"]
[Source "ChessBase"]
[SourceDate "2015.12.18"]
[SourceVersion "1"]
[SourceVersionDate "2015.12.18"]
[SourceQuality "1"]

1. c4 Nf6 2. g3 d5 3. cxd5 Nxd5 4. Bg2 g6 5. Nc3 c6 6. Qb3 Nb6 7. d3 Be6 8. Qa3 Bg7 9. Nf3 h6 10. 0-0 Na6 11. Bf4 g5 12. Be3 g4 13. Nd2 Qd6 14. Qa5 Qb4 15. Qxb4 Nxb4 16. Bc5 Na6 17. Ba3 Rd8 18. Rfc1 h5 19. Nde4 Bd4 20. Nd1 Bd5 21. Nc5 Bxg2 22. Kxg2 Nxc5 23. Bxc5 e5 24. Rab1 Nd5 25. b4 Bxc5 26. Rxc5 Kd7 27. Ra5 Kc7 28. Rxa7 Ra8 29. Rxa8 Rxa8 30. e4 Nb6 31. Nc3 Na4 32. Ne2 Nb6 33. Nc1 Nd7 34. Kf1 Nf8 35. f4 f6 36. f5 Nh7 37. Kf2 Ng5 38. Ke3 Nf3 39. Rb2 Kb6 40. Nb3 Rd8 41. a4 Ka7 42. Nc5 Nd4 43. Ne6 Rd7 44. Kd2 Nxe6 45. fxe6 Re7 46. Kc3 Rxe6 47. Rf2 Kb6 48. Kc4 Kc7 49. Rf5 h4 50. gxh4 Re7 51. Rxf6 Rh7 52. Re6 Rxh4 53. Rxe5 Rxh2 54. Rg5 Rg2 55. a5 g3 56. Rg7+ Kc8 57. Kc5 Rg1 58. Kb6 g2 59. Rg8+ Kd7 60. Kxb7 Rb1 61. Rg7+ Kd6 62. Rg6+ Kd7 63. Rxg2 Rxb4+ 64. Ka7 Rb3 65. Rg3 c5 66. a6 Kc6 67. Ka8 Kd7 68. Rg5 Kc6 69. Rd5 Rb1 70. Ka7 Rb2 71. d4 cxd4 72. Rxd4 Re2 73. Rc4+ Kb5 74. Rc7 Ra2 75. Rb7+ Kc6 76. e5 Re2 77. e6 Kc5 78. e7 Re6 79. Kb8 1-0

[Event "ASEAN-ch U20 15th"]
[Site "Taipa"]
[Date "2014.06.09"]
[Round "9"]
[White "Foo, Zhi Rong Benjamin"]
[Black "Nazario, Marc Christian"]
[Result "1-0"]
[WhiteElo "2196"]
[BlackElo "2041"]
[PlyCount "97"]
[EventDate "2014.06.04"]
[EventType "swiss"]
[EventRounds "9"]
[EventCountry "MAC"]
[SourceTitle "CBM 160 Extra"]
[Source "ChessBase"]
[SourceDate "2014.07.01"]
[SourceVersion "1"]
[SourceVersionDate "2014.07.01"]
[SourceQuality "1"]

1. e4 e5 2. Nf3 Nf6 3. d4 Nxe4 4. Bd3 d5 5. Nxe5 Nc6 6. Nxc6 bxc6 7. 0-0 Be7 8. Nd2 Nxd2 9. Bxd2 0-0 10. Re1 Bf6 11. Bb4 Re8 12. Bc5 Rxe1+ 13. Qxe1 Bg4 14. h3 Be6 15. f4 h5 16. Qe2 h4 17. Re1 Bd7 18. Qh5 g6 19. Bxg6 fxg6 20. Qxg6+ Kh8 21. Qf7 Be8 22. Qf8+ Kh7 23. Be7 Bxd4+ 24. Kh1 Bg7 25. Qf5+ Bg6 26. Qg4 Qc8 27. Re6 Bf7 28. Qxh4+ Kg8 29. Rxc6 Qd7 30. Ra6 Re8 31. Bf6 Re6 32. Bxg7 Kxg7 33. Rxa7 Qd6 34. Ra8 Rh6 35. Qd8 Qxd8 36. Rxd8 Ra6 37. a3 Rb6 38. Rd7 c5 39. b3 c4 40. b4 Ra6 41. b5 Rxa3 42. b6 Ra1+ 43. Kh2 Rb1 44. b7 Rb2 45. Kg3 Kf6 46. f5 c3 47. Kf3 Rb6 48. g4 d4 49. g5+ 1-0

[Event "ASEAN-ch U20 15th"]
[Site "Taipa"]
[Date "2014.06.04"]
[Round "1"]
[White "Foo, Zhi Rong Benjamin"]
[Black "Azman Hisham, Mohd Nabil"]
[Result "1-0"]
[WhiteElo "2196"]
[BlackElo "2009"]
[PlyCount "33"]
[EventDate "2014.06.04"]
[EventType "swiss"]
[EventRounds "9"]
[EventCountry "MAC"]
[SourceTitle "CBM 160 Extra"]
[Source "ChessBase"]
[SourceDate "2014.07.01"]
[SourceVersion "1"]
[SourceVersionDate "2014.07.01"]
[SourceQuality "1"]

1. e4 g6 2. d4 Bg7 3. Nc3 d6 4. Be3 e5 5. dxe5 dxe5 6. Qxd8+ Kxd8 7. 0-0-0+ Bd7 8. Nf3 Ne7 9. Bc4 Ke8 10. Rd2 a5 11. Rhd1 a4 12. Bc5 b6 13. Bxe7 Kxe7 14. Nd5+ Kd8 15. Ng5 Kc8 16. Ne7+ Kb7 17. Nxf7 1-0

[Event "Vlissingen HZ op 14th"]
[Site "Vlissingen"]
[Date "2010.08.13"]
[Round "8"]
[White "Foo, Zhi Rong Benjamin"]
[Black "Van de Groep, William"]
[Result "1-0"]
[WhiteElo "2112"]
[BlackElo "1970"]
[PlyCount "87"]
[EventDate "2010.08.07"]
[EventType "swiss"]
[EventRounds "9"]
[EventCountry "NED"]
[SourceTitle "CBM 137 Extra"]
[Source "ChessBase"]
[SourceDate "2010.09.01"]
[SourceVersion "1"]
[SourceVersionDate "2010.09.01"]
[SourceQuality "1"]

1. e4 e6 2. Qe2 c5 3. g3 Nc6 4. d3 h5 5. h4 d6 6. Bg2 Bd7 7. c3 Nge7 8. Bg5 e5 9. Na3 a6 10. Nc4 Qc7 11. Bf3 g6 12. Bf6 Rg8 13. Qd2 Bg7 14. Bxg7 Rxg7 15. Ne2 Be6 16. Ne3 Qa5 17. 0-0 b5 18. Rfd1 b4 19. Nd5 Bxd5 20. exd5 Na7 21. Qg5 Kf8 22. d4 exd4 23. cxd4 c4 24. Nf4 Nac8 25. Re1 Ra7 26. Re3 c3 27. bxc3 bxc3 28. Rae1 Rc7 29. Nd3 Kg8 30. R3e2 Kf8 31. Bg2 Qb5 32. Nc1 Qd7 33. Kh2 a5 34. Bh3 f5 35. Bg2 Qa4 36. Nd3 c2 37. Nf4 c1Q 38. Ne6+ Kg8 39. Rxc1 Rxc1 40. Qxc1 Rf7 41. Qc7 Qb4 42. Qd8+ Kh7 43. Ng5+ Kg7 44. Qe8 1-0

[Event "Vlissingen HZ op 14th"]
[Site "Vlissingen"]
[Date "2010.08.09"]
[Round "4"]
[White "Foo, Zhi Rong Benjamin"]
[Black "Verhoef, Harry"]
[Result "1-0"]
[WhiteElo "2112"]
[BlackElo "1930"]
[PlyCount "71"]
[EventDate "2010.08.07"]
[EventType "swiss"]
[EventRounds "9"]
[EventCountry "NED"]
[SourceTitle "CBM 137 Extra"]
[Source "ChessBase"]
[SourceDate "2010.09.01"]
[SourceVersion "1"]
[SourceVersionDate "2010.09.01"]
[SourceQuality "1"]

1. e4 c5 2. Nf3 g6 3. d4 cxd4 4. c3 Bg7 5. cxd4 d5 6. e5 Nc6 7. Nc3 Bg4 8. Be2 Bxf3 9. Bxf3 e6 10. 0-0 Qb6 11. Be3 Nge7 12. Na4 Qc7 13. Rc1 0-0 14. Qd2 Rfc8 15. b4 a6 16. g4 Re8 17. Be2 Nc8 18. Bg5 b5 19. Nc5 Nb6 20. Nxa6 Rxa6 21. Bxb5 Nc4 22. Rxc4 dxc4 23. Bxa6 Qb6 24. Bxc4 Nxd4 25. Qe3 Bxe5 26. Kg2 f6 27. b5 Qb7+ 28. f3 Nc2 29. Qd3 Nb4 30. Qe2 Qc7 31. f4 Qb7+ 32. Rf3 Qc8 33. Bh6 Bd4 34. f5 Nd5 35. fxg6 hxg6 36. Qd3 1-0

[Event "Vlissingen HZ op 14th"]
[Site "Vlissingen"]
[Date "2010.08.08"]
[Round "2"]
[White "Foo, Zhi Rong Benjamin"]
[Black "Ikonnikov, Vyacheslav"]
[Result "0-1"]
[WhiteElo "2112"]
[BlackElo "2578"]
[PlyCount "84"]
[EventDate "2010.08.07"]
[EventType "swiss"]
[EventRounds "9"]
[EventCountry "NED"]
[SourceTitle "CBM 137 Extra"]
[Source "ChessBase"]
[SourceDate "2010.09.01"]
[SourceVersion "1"]
[SourceVersionDate "2010.09.01"]
[SourceQuality "1"]

1. e4 c5 2. Nf3 Nc6 3. d4 cxd4 4. Nxd4 e5 5. Nb5 d6 6. N1c3 a6 7. Na3 Be7 8. Nc4 b5 9. Ne3 Nf6 10. g3 0-0 11. Bg2 b4 12. Ncd5 Nxd5 13. Nxd5 Bg5 14. 0-0 Bxc1 15. Rxc1 Be6 16. f4 f6 17. c3 Rb8 18. Qa4 Bxd5 19. exd5 Qb6+ 20. Rf2 Ne7 21. Qd7 Rf7 22. cxb4 exf4 23. gxf4 Qxb4 24. Rc7 Rbf8 25. Qe6 Ng6 26. a3 Qd4 27. Qxd6 Re8 28. Rc1 Re2 29. Qc5 Qxb2 30. Rxe2 Qxe2 31. Qd4 Nh4 32. Qe4 Re7 33. Qxe2 Rxe2 34. Bh3 f5 35. Rd1 Kf8 36. Rd3 Ke7 37. Bf1 Re4 38. Rg3 g6 39. Bxa6 Rxf4 40. Bb5 Kd6 41. Rd3 Nf3+ 42. Kg2 Ne1+ 0-1

[Event "Kefar Sava schev"]
[Site "Kefar Sava"]
[Date "2010.06.24"]
[Round "5"]
[White "Foo, Zhi Rong Benjamin"]
[Black "Lerner, Konstantin Z"]
[Result "0-1"]
[WhiteElo "2112"]
[BlackElo "2530"]
[PlyCount "78"]
[EventDate "2010.06.20"]
[EventType "schev"]
[EventRounds "10"]
[EventCountry "ISR"]
[SourceTitle "CBM 137 Extra"]
[Source "ChessBase"]
[SourceDate "2010.09.01"]
[SourceVersion "1"]
[SourceVersionDate "2010.09.01"]
[SourceQuality "1"]

1. e4 c5 2. Nf3 d6 3. d4 cxd4 4. Qxd4 Nc6 5. Bb5 Bd7 6. Bxc6 Bxc6 7. Nc3 Nf6 8. Bg5 e6 9. 0-0-0 Be7 10. Rhe1 0-0 11. Kb1 Qa5 12. Qd2 Qa6 13. Nd4 Rfc8 14. f4 b5 15. Qd3 Qb7 16. Nxc6 Rxc6 17. e5 dxe5 18. fxe5 Nd5 19. Nxd5 Bxg5 20. Nc3 Be7 21. Re4 Rc4 22. Re3 h6 23. Ne4 Rd8 24. Nd6 Qxg2 25. Rg3 Qxh2 26. Rdg1 g5 27. R3g2 Qh5 28. Qe3 Rc7 29. a3 Kf8 30. Ka2 Qg6 31. Rf1 Bxd6 32. exd6 Rcd7 33. Qe5 Rxd6 34. Rf6 Rd5 35. Qc3 Qe4 36. Rgf2 Rf5 37. R6xf5 exf5 38. Qh8+ Ke7 39. Qxh6 Qe6+ 0-1

[Event "Kefar Sava schev"]
[Site "Kefar Sava"]
[Date "2010.06.20"]
[Round "1"]
[White "Foo, Zhi Rong Benjamin"]
[Black "Nedobora, Mikhail"]
[Result "0-1"]
[WhiteElo "2112"]
[BlackElo "2388"]
[PlyCount "56"]
[EventDate "2010.06.20"]
[EventType "schev"]
[EventRounds "10"]
[EventCountry "ISR"]
[SourceTitle "CBM 137 Extra"]
[Source "ChessBase"]
[SourceDate "2010.09.01"]
[SourceVersion "1"]
[SourceVersionDate "2010.09.01"]
[SourceQuality "1"]

1. e4 d6 2. Nf3 Nf6 3. Nc3 e5 4. d4 Nbd7 5. Bc4 Be7 6. Bxf7+ Kxf7 7. Ng5+ Kg8 8. Ne6 Qe8 9. Nxc7 Qg6 10. Nxa8 Qxg2 11. Rf1 exd4 12. Qxd4 Ne5 13. f4 Nfg4 14. Qd5+ Nf7 15. Qc4 Bh4+ 16. Kd1 Be6 17. Qe2 Ne3+ 18. Bxe3 Bg4 19. Rg1 Bxe2+ 20. Nxe2 Qxe4 21. Bd4 Ne5 22. fxe5 dxe5 23. Kd2 exd4 24. Raf1 Qe3+ 25. Kd1 Bg5 26. Rxg5 Qxg5 27. Nc7 Qe5 28. Nf4 Qxc7 0-1

[Event "Kuala Lumpur op 5th"]
[Site "Kuala Lumpur"]
[Date "2008.08.23"]
[Round "10"]
[White "Sabri, Mohd Saprin"]
[Black "Foo, Zhi Rong Benjamin"]
[Result "0-1"]
[WhiteElo "2158"]
[BlackElo "1997"]
[PlyCount "66"]
[EventDate "2008.08.18"]
[EventType "swiss"]
[EventRounds "11"]
[EventCountry "MAS"]
[SourceTitle "CBM 126 Extra"]
[Source "ChessBase"]
[SourceDate "2008.11.05"]
[SourceVersion "1"]
[SourceVersionDate "2008.11.05"]
[SourceQuality "1"]

1. e4 c5 2. c3 d5 3. exd5 Qxd5 4. d4 cxd4 5. cxd4 e5 6. Nf3 exd4 7. Qxd4 Nf6 8. Nc3 Qxd4 9. Nxd4 Bb4 10. Ndb5 Na6 11. Be2 0-0 12. 0-0 Bf5 13. Bf3 Bd3 14. Rd1 Rad8 15. Bg5 Rd7 16. Bxf6 gxf6 17. Nxa7 Bxc3 18. bxc3 Nc5 19. Rd2 Ra8 20. Nc6 Nb3 21. Rxd3 Rxd3 22. Rb1 bxc6 23. Rxb3 Rxa2 24. h4 c5 25. Rb8+ Kg7 26. c4 Rd4 27. Bd5 Rxh4 28. g3 Rd4 29. Rb7 Rdd2 30. Kg2 Rxf2+ 31. Kh3 h5 32. Rxf7+ Kg6 33. g4 Ra3+ 0-1

[Event "Kuala Lumpur op 5th"]
[Site "Kuala Lumpur"]
[Date "2008.08.22"]
[Round "7"]
[White "Foo, Zhi Rong Benjamin"]
[Black "Ismail, Ahmad"]
[Result "1-0"]
[WhiteElo "1997"]
[BlackElo "2111"]
[PlyCount "27"]
[EventDate "2008.08.18"]
[EventType "swiss"]
[EventRounds "11"]
[EventCountry "MAS"]
[SourceTitle "CBM 126 Extra"]
[Source "ChessBase"]
[SourceDate "2008.11.05"]
[SourceVersion "1"]
[SourceVersionDate "2008.11.05"]
[SourceQuality "1"]

1. e4 d5 2. exd5 Nf6 3. d4 Nxd5 4. c4 Nb6 5. Nc3 e5 6. d5 Bc5 7. Nf3 0-0 8. Bd3 Bg4 9. Qc2 Bxf3 10. gxf3 Qh4 11. Ne4 Na6 12. Bg5 Qh3 13. Nf6+ Kh8 14. Bf1 1-0

[Event "Kuala Lumpur op 5th"]
[Site "Kuala Lumpur"]
[Date "2008.08.22"]
[Round "8"]
[White "Wallis, Christopher"]
[Black "Foo, Zhi Rong Benjamin"]
[Result "1/2-1/2"]
[WhiteElo "2235"]
[BlackElo "1997"]
[PlyCount "52"]
[EventDate "2008.08.18"]
[EventType "swiss"]
[EventRounds "11"]
[EventCountry "MAS"]
[SourceTitle "CBM 126 Extra"]
[Source "ChessBase"]
[SourceDate "2008.11.05"]
[SourceVersion "1"]
[SourceVersionDate "2008.11.05"]
[SourceQuality "1"]

1. e4 c5 2. Nf3 d6 3. Bb5+ Bd7 4. Bxd7+ Qxd7 5. c4 Nc6 6. d4 cxd4 7. Nxd4 Nf6 8. Nc3 g6 9. f3 Bg7 10. Nde2 Rd8 11. 0-0 0-0 12. Bg5 h6 13. Be3 Kh7 14. Qd2 Rfe8 15. Rfd1 e6 16. Rab1 Qe7 17. Bf2 d5 18. cxd5 exd5 19. exd5 Nxd5 20. Nxd5 Qxe2 21. Qf4 Ne7 22. Ne3 Rxd1+ 23. Rxd1 Nf5 24. Re1 Qd2 25. Rd1 Qe2 26. Re1 Qd2 1/2-1/2

[Event "Kuala Lumpur op 5th"]
[Site "Kuala Lumpur"]
[Date "2008.08.19"]
[Round "3"]
[White "Foo, Zhi Rong Benjamin"]
[Black "Nadig, Kruttika"]
[Result "0-1"]
[WhiteElo "1997"]
[BlackElo "2241"]
[PlyCount "104"]
[EventDate "2008.08.18"]
[EventType "swiss"]
[EventRounds "11"]
[EventCountry "MAS"]
[SourceTitle "CBM 126 Extra"]
[Source "ChessBase"]
[SourceDate "2008.11.05"]
[SourceVersion "1"]
[SourceVersionDate "2008.11.05"]
[SourceQuality "1"]

1. e4 c5 2. Nf3 d6 3. d4 cxd4 4. Nxd4 Nf6 5. Nc3 a6 6. Be3 Ng4 7. Bg5 h6 8. Bh4 g5 9. Bg3 Bg7 10. Be2 Ne5 11. Qd2 Nbc6 12. Nb3 0-0 13. h4 g4 14. f4 gxf3 15. gxf3 b5 16. Rg1 Kh7 17. Bf2 e6 18. 0-0-0 Nc4 19. Bxc4 bxc4 20. Qxd6 Qxd6 21. Rxd6 cxb3 22. Rxc6 Bxc3 23. bxc3 bxa2 24. Kb2 e5 25. Rf6 Rb8+ 26. Ka1 Be6 27. Be3 Rb1+ 28. Rxb1 axb1Q+ 29. Kxb1 Rb8+ 30. Ka1 Kg7 31. Rxh6 a5 32. c4 Rb4 33. Rh5 f6 34. f4 Bg4 35. Rf5 Bxf5 36. exf5 exf4 37. Bxf4 Rxc4 38. Bd2 Rxc2 39. Bxa5 Rc5 40. Bd2 Rxf5 41. Kb2 Rf2 42. Kc3 Rh2 43. Be1 Kg6 44. Kd3 Kf5 45. Ke3 Kg4 46. Bf2 f5 47. Ke2 f4 48. Ke1 Kf3 49. Bd4 Rxh4 50. Kd2 Kg2 51. Ke2 f3+ 52. Ke1 Re4+ 0-1